000 00473cam a2200145 4500500
005 20251012032457.0
041 _afre
042 _adc
100 1 0 _aLe Moing, Monique
_eauthor
245 0 0 _aUn quartier caché de Rio de Janeiro : Le « Bairro Santa Genoveva »
260 _c2001.
500 _a63
786 0 _nSigila | 7 | 1 | 2001-06-20 | p. 129-135 | 1286-1715
856 4 1 _uhttps://shs.cairn.info/revue-sigila-2001-1-page-129?lang=fr&redirect-ssocas=7080
999 _c1547396
_d1547396